Poetas nuevos de México (Record no. 184958)

MARC details
000 -LEADER
campo de control de longitud fija 00680nam a2200193 i 4500
001 - NÚMERO DE CONTROL
campo de control 184958
003 - IDENTIFICADOR DE NÚMERO DE CONTROL
campo de control ES-MaACL
005 - FECHA Y HORA DE LA ÚLTIMA TRANSACCIÓN
campo de control 20240412101730.0
008 - DATOS DE LONGITUD FIJA--INFORMACIÓN GENERAL
campo de control de longitud fija 160229s1916 mx |||| | spa d
080 ## - NÚMERO DE LA CLASIFICACIÓN DECIMAL UNIVERSAL
Número de la Clasificación Decimal Universal 821.134.2(72)-14"18/19"(082.2)
245 00 - MENCIÓN DEL TÍTULO
Título Poetas nuevos de México
Resto del título : antología con noticias biográficas, críticas y bibliográficas /
Mención de responsabilidad, etc. Genaro Estrada.
260 ## - PUBLICACIÓN, DISTRIBUCIÓN, ETC.
Lugar de publicación, distribución, etc. México :
Nombre del editor, distribuidor, etc. [José Ballescá] :
-- Porrua,
Fecha de publicación, distribución, etc. 1916.
300 ## - DESCRIPCIÓN FÍSICA
Extensión XIII, 338 p. ;
Dimensiones 21 cm.
650 #7 - PUNTO DE ACCESO ADICIONAL DE MATERIA--TÉRMINO DE MATERIA
Término de materia o nombre geográfico como elemento de entrada Poesía mexicana-
Subdivisión cronológica S. XIX
Fuente del encabezamiento o término
9 (RLIN) 146731
650 #4 - PUNTO DE ACCESO ADICIONAL DE MATERIA--TÉRMINO DE MATERIA
Término de materia o nombre geográfico como elemento de entrada Poesía mexicana-
Subdivisión cronológica S.XX
9 (RLIN) 16236
700 0# - ENTRADA AGREGADA--NOMBRE PERSONAL
Nombre de persona Estrada, Genaro.
9 (RLIN) 48196
852 ## - LOCALIZACIÓN
Ubicación ES-MaACL
Número de control de estantería G-730
Holdings
Estatus retirado Estado de pérdida Estado de daño No para préstamo Biblioteca de origen Biblioteca actual Ubicación en estantería Fecha de adquisición Fuente de adquisición Total de préstamos Signatura topográfica completa Código de barras Visto por última vez Precio de reemplazo Tipo de ítem Koha
        Biblioteca del Ateneo de Madrid Biblioteca del Ateneo de Madrid Depósito 2 29/02/2016     G-730 1194808 23/02/2023 23/02/2023 Libro impreso